[Event "AUTO-MASTER-1565"]
[Site "http://www.queenalice.com/game.php?id=1020932"]
[Date "2012.1.30"]
[Round "1"]
[White "luiz_antonio"]
[Black "RafmasterX"]
[Result "0-1"]
[WhiteElo "1878"]
[BlackElo "2187"]

1. e4 c5 2. Bc4 d6 3. d4 cxd4 4. Qxd4 Nc6 5. Qd5 e6 6. Qd1 Nf6 7. Nc3 Be7 8. Qf3
O-O 9. Be2 e5 10. h3 Nd4 11. Qd3 d5 12. exd5 Bf5 13. Qg3 Nxc2+ 14. Kd1 Nxa1 15.
Bh6 Bg6 16. Be3 Nxd5 17. Bd2 Rc8 18. Qxe5 Nxc3+ 19. bxc3 Bf6 20. Qb5 Bxc3 21.
Nf3 Nc2 22. Kc1 Bxd2+ 23. Kb2 Qf6+ 24. Kb3 Qc3+ 25. Ka4 Qa3# 0-1

[Event "AUTO-MASTER-1565"]
[Site "http://www.queenalice.com/game.php?id=1020933"]
[Date "2012.1.30"]
[Round "1"]
[White "RafmasterX"]
[Black "luiz_antonio"]
[Result "1-0"]
[WhiteElo "2157"]
[BlackElo "1961"]

1. e4 e5 2. Nf3 Qf6 3. Nc3 c6 4. Be2 h6 5. O-O b5 6. d4 exd4 7. Nxd4 Bd6 8. f4
Bc5 9. Be3 a5 10. e5 Qd8 11. Ne4 d6 12. exd6 Bxd6 13. Bf3 Bc5 14. Nxc5 Qe7 15.
Re1 Qxc5 16. Nxc6 Qf5 17. Qd8# 1-0

[Event "AUTO-MASTER-1565"]
[Site "http://www.queenalice.com/game.php?id=1020956"]
[Date "2012.1.30"]
[Round "1"]
[White "RafmasterX"]
[Black "trompmaster"]
[Result "1-0"]
[WhiteElo "2190"]
[BlackElo "2224"]

1. e4 e6 2. d4 d5 3. Nd2 Nf6 4. Bd3 c5 5. c3 Nc6 6. Ngf3 Qb6 7. dxc5 Bxc5 8. O-O
Ng4 9. Nd4 Nxf2 10. Rxf2 Nxd4 11. cxd4 Bxd4 12. Qf3 Bxf2+ 13. Qxf2 Qxf2+ 14.
Kxf2 Bd7 15. exd5 exd5 16. Nf3 f6 17. Bd2 O-O 18. Bc3 Rfe8 19. Nd4 a6 20. Nf5
Bc6 21. Bb4 Re6 22. Rc1 Kf7 23. Nd4 g6 24. Nxe6 Kxe6 25. Re1+ Kf7 26. Re7+ Kg8
27. Bc3 Rf8 28. g3 Rf7 29. Rxf7 Kxf7 30. a3 Ke6 31. h4 f5 32. Ke3 h5 33. Kf4 Be8
34. Kg5 Bf7 35. b4 Be8 36. Kh6 Kf7 37. Bd4 Bd7 38. Kg5 Be8 39. g4 hxg4 40. h5
gxh5 41. Kxh5 Bd7 42. Kg5 b5 43. Bxf5 Bxf5 44. Kxf5 g3 45. Kf4 Ke6 46. Kxg3 Kf5
47. Kf3 Kg5 48. Ke3 Kf5 49. Kd3 Kf4 50. Bc5 Ke5 51. Bb6 d4 52. Bxd4+ Kd5 53. Bb2
Ke6 54. Ke4 Kd6 55. Kd4 Kc6 56. Ke5 Kd7 57. Kd5 Kc7 58. Kc5 Kb7 59. Kd6 Kb6 60.
Bd4+ Kb7 61. Kd7 a5 62. bxa5 b4 63. axb4 Ka6 64. Kc8 Kb5 65. Kb7 1-0

[Event "AUTO-MASTER-1565"]
[Site "http://www.queenalice.com/game.php?id=1020957"]
[Date "2012.1.30"]
[Round "1"]
[White "trompmaster"]
[Black "RafmasterX"]
[Result "0-1"]
[WhiteElo "2223"]
[BlackElo "2173"]

1. d4 Nf6 2. Nf3 g6 3. Bg5 Bg7 4. Nbd2 O-O 5. e3 c6 6. Bd3 d6 7. O-O Nbd7 8. c3
e5 9. Ne4 Qc7 10. dxe5 dxe5 11. Nxf6+ Nxf6 12. e4 Bg4 13. h3 Be6 14. Qc1 Rad8
15. Bc2 Rd7 16. Bh6 Rfd8 17. Bxg7 Kxg7 18. Qe3 b6 19. b3 c5 20. Qg5 c4 21. b4
Re7 22. Qxe5 Qxe5 23. Nxe5 Bd5 24. f4 Nxe4 25. Bxe4 Bxe4 26. Rfe1 Bb7 27. Nxc4
Rc7 28. Ne3 Rxc3 29. Rac1 Ra3 30. Rc7 Ba8 31. Re2 Re8 32. Kf2 Re4 33. Rc4 Raxe3
34. Rxe4 Rxe4 35. Rxe4 Bxe4 36. g3 h5 37. a3 Kf6 38. a4 a6 39. a5 bxa5 40. bxa5
Bd3 41. Kg2 Ke6 42. Kf2 Kd5 43. Ke3 Bb5 44. h4 f5 0-1

[Event "AUTO-ELITE-936"]
[Site "http://www.queenalice.com/game.php?id=1036191"]
[Date "2012.3.5"]
[Round "1"]
[White "salvador_2011"]
[Black "RafmasterX"]
[Result "1-0"]
[WhiteElo "2308"]
[BlackElo "2200"]

1. e4 c5 2. Nf3 d6 3. d4 cxd4 4. Nxd4 Nf6 5. Nc3 a6 6. a4 Nc6 7. Be2 e6 8. Be3
Be7 9. O-O O-O 10. f4 Qc7 11. Kh1 Nxd4 12. Qxd4 e5 13. Qd3 Bg4 14. Bxg4 Nxg4 15.
Nd5 Qd8 16. Bb6 Qd7 17. Rad1 Bd8 18. h3 Nh6 19. fxe5 Qxa4 20. exd6 Rc8 21. d7
1-0

[Event "AUTO-ELITE-936"]
[Site "http://www.queenalice.com/game.php?id=1036192"]
[Date "2012.3.5"]
[Round "1"]
[White "RafmasterX"]
[Black "salvador_2011"]
[Result "1-0"]
[WhiteElo "2211"]
[BlackElo "2004"]

1. e4 e6 2. d4 d5 3. Nd2 dxe4 4. Nxe4 Nd7 5. Nf3 Ngf6 6. Bd3 Be7 7. O-O O-O 8.
c3 b6 9. Qc2 Bb7 10. Bg5 h6 11. Bh4 Nxe4 12. Bxe7 Qxe7 13. Bxe4 Bxe4 14. Qxe4
Rfd8 15. Rad1 Nf6 16. Qh4 Qd7 17. Ne5 Qb5 18. b3 Qe2 19. Rd3 Qxa2 20. Rg3 Kf8
21. Ng4 Ne4 22. Re3 1-0

[Event "AUTO-ELITE-936"]
[Site "http://www.queenalice.com/game.php?id=1036195"]
[Date "2012.3.5"]
[Round "1"]
[White "aormic"]
[Black "RafmasterX"]
[Result "1-0"]
[WhiteElo "2318"]
[BlackElo "2184"]

1. d4 Nf6 2. c4 g6 3. Nc3 Bg7 4. Nf3 d6 5. Bg5 O-O 6. e3 Nbd7 7. Qc2 e5 8. Rd1
c6 9. dxe5 dxe5 10. Nxe5 Qa5 11. Nf3 Nc5 12. Nd4 Bg4 13. f3 Be6 14. Bh4 Rfe8 15.
Be2 Rad8 16. O-O Bc8 17. e4 Ne6 18. Nxe6 Bxe6 19. a3 g5 20. Bf2 Nh5 21. Rxd8
Rxd8 22. Rd1 Nf4 23. Bf1 h5 24. Be3 Rxd1 25. Nxd1 a6 26. Qd2 Qxd2 27. Bxd2 f5
28. g3 Bd4+ 29. Be3 1-0

[Event "AUTO-ELITE-936"]
[Site "http://www.queenalice.com/game.php?id=1036196"]
[Date "2012.3.5"]
[Round "1"]
[White "RafmasterX"]
[Black "aormic"]
[Result "1/2-1/2"]
[WhiteElo "2191"]
[BlackElo "2305"]

1. c4 Nf6 2. g3 c6 3. Bg2 d5 4. cxd5 cxd5 5. Nf3 Nc6 6. O-O e5 7. d3 Be7 8. Nbd2
O-O 9. a3 h6 10. b4 a6 11. Bb2 Bd6 12. e4 Bg4 13. Qb3 Be6 14. exd5 Bxd5 15. Qd1
Re8 16. Nc4 Bc7 17. Re1 e4 18. Nh4 Bxc4 19. dxc4 Qxd1 20. Raxd1 Ne5 21. c5 Nd3
22. Bxf6 Nxe1 23. Rxe1 gxf6 24. Rxe4 Rxe4 25. Bxe4 Rb8 26. Nf5 b6 27. cxb6 Bxb6
28. Nxh6+ Kg7 29. Nf5+ Kg6 30. h4 Rd8 31. Ne3+ Kg7 32. Nd5 Bd4 33. Kf1 Rc8 34.
Ne7 Rc1+ 35. Ke2 Bb2 36. a4 Rc4 37. Nf5+ Kf8 38. Bd3 Rxb4 39. Bxa6 Rxa4 40. Bd3
Ba3 41. f3 Bc5 42. Be4 Ra3 43. h5 Ra2+ 1/2-1/2

[Event "AUTO-MASTER-1602"]
[Site "http://www.queenalice.com/game.php?id=1036270"]
[Date "2012.3.5"]
[Round "1"]
[White "KLEOJ"]
[Black "RafmasterX"]
[Result "0-1"]
[WhiteElo "2066"]
[BlackElo "2176"]

1. d4 Nf6 2. Nf3 d5 3. Bf4 Bf5 4. e3 a6 5. c3 Nc6 6. Bd3 Bxd3 7. Qxd3 e6 8. Nbd2
Bd6 9. Ne5 O-O 10. Ndf3 Ne4 11. Nxc6 bxc6 12. Ne5 c5 13. f3 c4 14. Qc2 Nf6 15.
O-O Nh5 16. b3 cxb3 17. axb3 c5 18. dxc5 Bxc5 19. Kh1 f6 20. Nd3 Be7 21. g4 Nxf4
22. Nxf4 Qb6 23. Rfe1 Rfd8 24. Ra4 Rab8 25. b4 e5 26. Nh5 Qc6 27. Qa2 Qxc3 28.
Re2 Rxb4 29. Rxa6 Qc1+ 30. Kg2 Rb1 31. Ng3 Qc4 32. Nf5 Bf8 33. h4 Qxa2 34. Raxa2
g6 35. Ng3 Rd1 36. Rec2 d4 37. exd4 R1xd4 38. Ne4 f5 39. Nf6+ Kg7 40. g5 Be7 41.
Ra7 Kf8 42. Nxh7+ Ke8 43. Rcc7 R8d7 44. Rxd7 Rxd7 45. Rxd7 Kxd7 46. h5 gxh5 47.
g6 Ke6 48. f4 e4 49. Kg3 h4+ 50. Kh3 e3 51. Kg2 h3+ 52. Kf3 h2 0-1

[Event "AUTO-MASTER-1602"]
[Site "http://www.queenalice.com/game.php?id=1036271"]
[Date "2012.3.5"]
[Round "1"]
[White "RafmasterX"]
[Black "KLEOJ"]
[Result "1-0"]
[WhiteElo "2186"]
[BlackElo "2130"]

1. e4 e6 2. d4 d5 3. Nd2 c5 4. Ngf3 Bd7 5. exd5 exd5 6. Be2 Nf6 7. O-O Be7 8.
Re1 O-O 9. Nf1 Nc6 10. Bg5 h6 11. Bh4 Re8 12. Ne3 Rc8 13. dxc5 Be6 14. Bb5 Ne4
15. Bxe7 Qxe7 16. Bxc6 Rxc6 17. b4 Rd8 18. Nd4 Rcc8 19. f3 Nf6 20. Nef5 Qf8 21.
Nxe6 fxe6 22. Rxe6 Ne4 23. Ne7+ Kh7 24. fxe4 dxe4 25. Qg4 Rc7 26. Qxe4+ 1-0

[Event "AUTO-MASTER-1602"]
[Site "http://www.queenalice.com/game.php?id=1036284"]
[Date "2012.3.5"]
[Round "1"]
[White "RafmasterX"]
[Black "Constante"]
[Result "1-0"]
[WhiteElo "2194"]
[BlackElo "2038"]

1. c4 b6 2. Nf3 Bb7 3. g3 Bxf3 4. exf3 c5 5. Bg2 Nc6 6. Nc3 g6 7. d3 Bg7 8. Be3
e6 9. O-O Nge7 10. a3 a6 11. Ne4 Nf5 12. Bg5 Qc7 13. Rb1 h6 14. Bf6 O-O 15. f4
Nfd4 16. b4 d5 17. Bxg7 Kxg7 18. Nc3 dxc4 19. dxc4 Rad8 20. Qc1 Qe7 21. b5 axb5
22. cxb5 Na5 23. Re1 Qc7 24. Ne4 Qe7 25. Qc3 Kh7 26. g4 f5 27. gxf5 gxf5 28. Ng3
Qf7 29. Re5 Qg6 30. Rxc5 bxc5 31. Qxa5 Rb8 32. Qc7+ Kh8 33. Qxc5 Rfd8 34. a4
Rbc8 35. Qe5+ Kh7 36. b6 Nc6 37. Bxc6 Rxc6 38. b7 Qe8 39. b8=Q Rc1+ 40. Rxc1
Rxb8 41. Rc7+ 1-0

[Event "AUTO-MASTER-1602"]
[Site "http://www.queenalice.com/game.php?id=1036285"]
[Date "2012.3.5"]
[Round "1"]
[White "Constante"]
[Black "RafmasterX"]
[Result "0-1"]
[WhiteElo "1892"]
[BlackElo "2181"]

1. e4 c5 2. Nf3 d6 3. d4 cxd4 4. Nxd4 Nf6 5. Nc3 a6 6. Be3 Nc6 7. Be2 e5 8. Nb3
Be6 9. O-O Be7 10. Nd5 Bxd5 11. exd5 Nb8 12. a4 O-O 13. a5 Nbd7 14. Ra4 Nc5 15.
Rb4 Rb8 16. c4 Nfd7 17. Qc2 f5 18. f4 e4 19. Ra1 Qe8 20. Nd4 Qg6 21. Qd1 Nf6 22.
h3 Ne8 23. Nc6 Bh4 24. Bh5 Qg3 25. Ra3 Nd3 26. Rxd3 exd3 27. Bd2 Nf6 28. Ne7+
Kh8 29. Bf3 Ne4 30. Nxf5 Qf2+ 31. Kh1 Nxd2 32. Nxh4 Rxf4 0-1

[Event "Challenge"]
[Site "http://www.queenalice.com/game.php?id=1054383"]
[Date "2012.4.30"]
[Round "-"]
[White "FORNEIRO1971"]
[Black "RafmasterX"]
[Result "0-1"]
[WhiteElo "2036"]
[BlackElo "2185"]

1. d4 Nf6 2. Nc3 c6 3. e4 d6 4. Nf3 g6 5. Bd3 Bg7 6. O-O O-O 7. Re1 Qc7 8. h3
Nbd7 9. Bg5 e5 10. d5 cxd5 11. exd5 a6 12. Nd2 b5 13. a3 Bb7 14. Qf3 h6 0-1

[Event "Challenge"]
[Site "http://www.queenalice.com/game.php?id=1054384"]
[Date "2012.4.30"]
[Round "-"]
[White "RafmasterX"]
[Black "FORNEIRO1971"]
[Result "1-0"]
[WhiteElo "2193"]
[BlackElo "2026"]

1. e4 e5 2. Nf3 Nf6 3. d4 exd4 4. Nxd4 Nxe4 5. Bd3 d5 6. O-O Bc5 7. Nb3 Bd6 8.
Qf3 O-O 9. N1d2 Nf6 10. Re1 Bg4 11. Qe3 Re8 12. Bxh7+ 1-0

[Event "AUTO-MASTER-1565"]
[Site "http://www.queenalice.com/game.php?id=1067975"]
[Date "2012.6.4"]
[Round "2"]
[White "HelderNanques"]
[Black "RafmasterX"]
[Result "0-1"]
[WhiteElo "2142"]
[BlackElo "2201"]

1. e3 e5 2. d4 exd4 3. exd4 Nf6 4. Bd3 g6 5. Bg5 Bg7 6. Qe2+ Kf8 7. Nf3 d6 8.
O-O h6 9. Bh4 Bg4 10. Re1 Nc6 11. c3 Kg8 12. h3 Bd7 13. Qc2 Kh7 14. Bg3 Nh5 15.
Bh2 Re8 16. Nbd2 Qf6 17. Ne4 Qd8 18. Nh4 Qxh4 19. b4 Nf4 20. Bf1 Bf5 21. f3 Nd5
22. g4 Bxe4 23. fxe4 Nxc3 0-1

[Event "AUTO-MASTER-1565"]
[Site "http://www.queenalice.com/game.php?id=1067976"]
[Date "2012.6.4"]
[Round "2"]
[White "RafmasterX"]
[Black "HelderNanques"]
[Result "0-1"]
[WhiteElo "2203"]
[BlackElo "2143"]

1. e4 e6 2. d4 d5 3. Nd2 Nf6 4. Bd3 c5 5. exd5 exd5 6. Ngf3 Bd6 7. O-O O-O 8.
dxc5 Bxc5 9. Nb3 Bb6 10. a4 Nc6 11. a5 Bc7 12. c3 Nxa5 13. Nxa5 Bxa5 14. Bg5 Bb6
15. Bc2 Bg4 16. Qd3 Bxf3 17. Qxf3 Qd6 18. Rfd1 Rfe8 19. Qh3 g6 20. Ra4 Qe5 21.
Be3 Bxe3 22. Qxe3 Qxe3 23. fxe3 Rxe3 24. Kf2 Re7 25. Rf4 Kg7 26. Re1 Rxe1 27.
Kxe1 Re8+ 28. Kd2 Re7 29. h3 Nd7 30. Bb3 Nb6 31. g4 Re4 32. Rf3 Kf8 33. Kd3 Re7
34. Rf4 Kg7 35. h4 f6 36. Kd4 Re5 37. Ba2 Re2 38. Kc5 Rxb2 39. Bxd5 Nxd5 40.
Kxd5 b5 41. g5 fxg5 42. hxg5 a5 43. Ke6 a4 44. Ke7 Re2+ 45. Kd6 a3 0-1

[Event "AUTO-MASTER-1565"]
[Site "http://www.queenalice.com/game.php?id=1067979"]
[Date "2012.6.4"]
[Round "2"]
[White "RafmasterX"]
[Black "al93oliveira"]
[Result "0-1"]
[WhiteElo "2217"]
[BlackElo "2144"]

1. e4 e5 2. Nf3 Nc6 3. Bb5 a6 4. Ba4 Nf6 5. O-O Be7 6. Re1 b5 7. Bb3 O-O 8. c3
d5 9. exd5 Nxd5 10. Nxe5 Nxe5 11. Rxe5 c6 12. d4 Bd6 13. Re1 Qh4 14. g3 Qh3 15.
Qf3 Bg4 16. Qg2 Qh5 17. Bxd5 cxd5 18. Be3 Bf3 19. Qf1 f5 20. Bd2 f4 21. h4 fxg3
0-1

[Event "AUTO-MASTER-1565"]
[Site "http://www.queenalice.com/game.php?id=1067980"]
[Date "2012.6.4"]
[Round "2"]
[White "al93oliveira"]
[Black "RafmasterX"]
[Result "1-0"]
[WhiteElo "2182"]
[BlackElo "2189"]

1. e4 c5 2. Nf3 d6 3. d4 cxd4 4. Nxd4 Nf6 5. Nc3 a6 6. Be2 e6 7. O-O Be7 8. Kh1
O-O 9. f4 Nc6 10. Nxc6 bxc6 11. e5 Nd5 12. Ne4 dxe5 13. fxe5 Bb7 14. c4 Nb6 15.
Be3 c5 16. Nxc5 Bc6 17. Qb3 Nd7 18. Nxd7 Qxd7 19. Rfd1 Qc7 20. Qc3 Qb7 21. Bf1
Rab8 22. b3 Rfd8 23. Qe1 Bb4 24. Rxd8+ Rxd8 25. Rd1 Re8 26. Qg3 Kh8 27. Be2 Be4
28. Bf3 1-0